000 00773nam a2200181Ia 4500
001 20993
003 GE_BSU
008 181216s||||||||xx |||||||||||||| ||und||
040 _cGE_BSU
245 _aმეცნიერება და ცხოვრება. N1(15) 2017
245 _cჟურნალის დამფუძნებელი დავით ჯანგულაშვილი. მთ. რედ. რევაზ ჯავახიშვილი
250 _aთბილისის სასწავლო უნივერსიტეტი
260 _aთბილისი
260 _c2017
300 _a203 გვ. 29 სმ.
653 _aმეცნიერება და ცხოვრება. N1(15) 2017
942 _cCR
999 _c53942
_d53942